Obálka Náhled e-knihy:
PDF Epub
Pro půjčování e-knih musíte být přihlášeni.
Jak si půjčit online?

Odkaz Dračích jezdců. Druhý díl, Eldest : prvorozený /

Druhý díl fantasy trilogie Odkaz dračích jezdců, ve kterém pokračují dobrodružství Eragona a draka, se kterým je teď už poután jako Dračí jezdec.

Uloženo v:
Série:Odkaz Dračích jezdců, část 2
Hlavní autor: Paolini, Christopher, 1983- (Autor)
Další autoři: Staníčková, Olga (Autor)
Médium: E-kniha
Jazyk:Czech
Vydáno: Praha : Fragment, 2009
Vydání:2. vyd.
Témata:
Příbuzné jednotky:Přeloženo z: Eldest, Inheritance. Book 2
Z cyklu:: Odkaz Dračích jezdců
Tagy:
Žádné tagy
LEADER 03631cam a2200553 a 4500
001 302913
003 CZ PrSKC
005 20260516063242.0
007 ta
008 091119s2009 xr g 000 f cze
015 |a cnb002011569 
020 |a 9788025311530  |q (soubor 2010) 
020 |a 978-80-253-1616-0  |q (soubor 2012) 
020 |a 978-80-253-3826-1  |q (soubor 2018) 
020 |a 978-80-253-0962-9  |q (brož.) 
035 |a (OCoLC)500015623 
040 |a ABA001  |b cze 
041 1 |a cze  |h eng 
072 7 |a 821.111(73)-3  |x Americká próza  |2 Konspekt 
080 |a 821.111(73)-31  |2 MRF 
080 |a (0:82-312.9)  |2 MRF 
100 1 |a Paolini, Christopher,  |d 1983-  |7 xx0025816  |4 aut 
245 1 0 |a Odkaz Dračích jezdců.  |n Druhý díl,  |p Eldest : prvorozený /  |c Christopher Paolini ; [z anglického originálu ... přeložila Olga Machútová] 
246 3 |a Eldest - prvorozený 
246 3 0 |a Eldest 
250 |a 2. vyd. 
260 |a Praha :  |b Fragment,  |c 2009 
300 |a 655 s. ;  |c 24 cm 
500 |a Část nákladu distribuována r. 2010 spolu s dalšími 2 díly (všechny sv. 2. vyd.) v krabici se souborným ISBN a názvem Odkaz Dračích jezdců - Eragon + Eldest + Brisingr; souborné ISBN pouze na krabici 
500 |a Část nákladu distribuována r. 2012 spolu s dalšími 3 díly (1.-3. sv. 2. dotisk 2. vyd. 2012, 4. sv. 2. vyd.) v krabici se souborným ISBN a názvem Odkaz Dračích jezdců - zlatá edice; souborné ISBN pouze na krabici 
500 |a Část nákladu distribuována r. 2018 spolu s dalšími 3 díly (všechny sv. dotisk 2. vyd. 2018) v krabici se souborným ISBN a názvem Odkaz Dračích jezdců; ISBN souboru pouze na krabici 
500 |a V r. 2021 dotisk 
520 2 |a Druhý díl fantasy trilogie Odkaz dračích jezdců, ve kterém pokračují dobrodružství Eragona a draka, se kterým je teď už poután jako Dračí jezdec. 
520 2 |a Eragona a dračici Safiru zastihneme poté, kdy pomohli vzbouřencům a Eragon přemohl vůdce Urgalů Durzu. Největší nebezpečí v podobě krále Galbatorixe je však stále před nimi a Eragon se tedy musí vydat do elfského města Ellesméry, aby se zdokonalil v kouzlení a boji, neboť si uvědomuje, že poražení Durzy bylo větším dílem štěstí a že se musí ještě hodně učit. Na své cestě zažívá mnohá dobrodružství, ale stále ho trápí nejistota, komu vlastně může věřit. Ani osud Eragonova bratrance Rorana není jednoduchý, také on musí vybojovat svou bitvu. Podaří se tedy nakonec svrhnout vládu krále a ustavit právoplatnou vládu? Nebo nakonec neunikne krutému králi ani sám Eragon? 
655 7 |a americké romány  |7 fd131796  |2 czenas 
655 7 |a fantasy romány  |7 fd184199  |2 czenas 
655 9 |a American fiction  |2 eczenas 
655 9 |a fantasy novels  |2 eczenas 
700 1 |a Staníčková, Olga  |7 xx0031599  |4 trl 
740 0 2 |a Odkaz Dračích jezdců - Eragon + Eldest + Brisingr 
740 0 2 |a Odkaz Dračích jezdců - zlatá edice 
765 0 |t Eldest, Inheritance. Book 2 
787 0 8 |i Z cyklu:  |t Odkaz Dračích jezdců  |g 2 
900 |a ABA001  |b 18 
928 9 |a Albatros Media - Fragment 
044 |a xr 
910 |a RBIT002 
998 |d 263  |a https://core.palmknihy.cz/api/books/263/cover?tf3q0u  |b https://core.palmknihy.cz/api/books/263/cover/400?tf3q0u  |c https://core.palmknihy.cz/api/books/263/cover/50?tf3q0u  |e 2030-01-29  |g 656  |i 9788025309629  |j https://core.palmknihy.cz/api/books/263/preview.epub  |k https://core.palmknihy.cz/api/books/263/preview.pdf  |l   |q 49  |r 1  |s https://www.palmknihy.cz/kniha/263  |t ebook  |y 2009  |z 0  |v Odkaz Dračích jezdců  |w 2 
999 |d 302911